| 000 | 00373nam a2200157Ia 4500 | ||
|---|---|---|---|
| 008 | 191201s2000 xx 000 0 und d | ||
| 082 |
_a658.3 _bFRT |
||
| 100 | _aFRANCES | ||
| 245 | 0 | _aTraining Needs Analysis and Evaluation | |
| 250 | _a1st | ||
| 260 |
_aHydrabad _bUniversity Press _c2000 |
||
| 300 | _a301 | ||
| 650 | _aMBA | ||
| 700 | _a BEE Roland | ||
| 942 |
_2ddc _cBK |
||
| 999 |
_c4688 _d4688 |
||